01056nam a2200313Ia 450000500170000000800410001702000180005804100080007610000320008424500760011625000180019230000250021049000460023552100360028153400280031765000450034565000490039065000360043965000370047570000400051294200150055226400260056733600270059333700330062033800280065304000350068108400110071699900150072720220317001742.0170328s2006 s g 000 f s  a9788420655222 aspa1 aGrahame, Kennethd1859-193213aEl viento en los saucescKenneth Grahame ; traducción Lourdes Huanqui a1a. edición a195 páginasc19 cm aEl libro de bolsillo : biblioteca juvenil aRecomendado desde los 12 años tThe wind in the willows142LEMBaNovela juvenil escocesaySiglo XIX142LEMBaLiteratura juvenil escocesaySiglo XIX142LEMBaAnimales en la literatura142LEMBaAventuras en la literatura1 aHuanqui, Lourdesetraductora991261 2loccBKLIT aMadridbAlianzac2006 atextobtxt2rdacontent asin mediaciónbn2rdamedia avolumenbnc2rdacarrier aCO-BoRNBPbspaerdacCO-BoRNBP aN GRA6 c7971d7971